[Event "EU-Cup 34th"]
[Site "Porto Carras"]
[Date "2018.10.18"]
[Round "7.1"]
[White "Borge, Nikolaj"]
[Black "Kalaitzoglou, Panayotis"]
[Result "1-0"]
[WhiteElo "2385"]
[BlackElo "2071"]
[PlyCount "79"]
[EventDate "2018.10.12"]
[EventType "team-swiss"]
[EventRounds "7"]
[EventCountry "GRE"]
[SourceTitle "CBM 187"]
[Source "ChessBase"]
[SourceDate "2018.12.11"]
[SourceVersion "1"]
[SourceVersionDate "2018.12.11"]
[SourceQuality "1"]
[WhiteTeam "Hillerod"]
[BlackTeam "Chania Kaissa"]
[WhiteTeamCountry "DEN"]
[BlackTeamCountry "GRE"]

1. e4 e6 2. d4 d5 3. exd5 exd5 4. Nf3 Nc6 5. Bb5 Bd6 6. c4 a6 7. Bxc6+ bxc6 8. c5 Be7 9. Ne5 Bd7 10. Qh5 g6 11. Qe2 f6 12. Nxd7 Qxd7 13. Nd2 Nh6 14. Nf3 Nf5 15. g4 Ng7 16. h3 0-0 17. Be3 a5 18. 0-0-0 Rfe8 19. Rd3 Bf8 20. Qd2 Ne6 21. Ra3 Reb8 22. Rxa5 Rxa5 23. Qxa5 Qe8 24. Qd2 Bg7 25. Re1 Qf7 26. Bh6 Bh8 27. Qe2 Re8 28. Bd2 Bg7 29. a4 Qd7 30. a5 Kf7 31. a6 Bf8 32. b4 Ra8 33. Kb2 Qc8 34. Ra1 Bg7 35. h4 Qb8 36. Bc3 Qb5 37. Qxb5 cxb5 38. a7 c6 39. Ra6 Nd8 40. Bd2 1-0

[Event "GRE-chT 45th"]
[Site "Achaia"]
[Date "2017.07.07"]
[Round "6.4"]
[White "Kalaitzoglou, Panayotis"]
[Black "Karousos Theodorakis, Nikolaos"]
[Result "1/2-1/2"]
[WhiteElo "2061"]
[BlackElo "2153"]
[PlyCount "69"]
[EventDate "2017.07.03"]
[EventType "team-swiss"]
[EventRounds "7"]
[EventCountry "GRE"]
[SourceTitle "CBM 179 Extra"]
[Source "ChessBase"]
[SourceDate "2017.08.23"]
[SourceVersion "1"]
[SourceVersionDate "2017.08.23"]
[SourceQuality "1"]
[WhiteTeam "Chania Kaissa"]
[BlackTeam "Irakleiou Attikis"]
[WhiteTeamCountry "GRE"]
[BlackTeamCountry "GRE"]

1. e4 c5 2. c3 d5 3. exd5 Qxd5 4. d4 g6 5. Nf3 Bg7 6. Nbd2 cxd4 7. Bc4 Qa5 8. Nxd4 Nf6 9. 0-0 0-0 10. Re1 Nc6 11. Nxc6 bxc6 12. Rxe7 Qc5 13. Re1 Bf5 14. Bf1 Ng4 15. Qf3 Rfe8 16. Rxe8+ Rxe8 17. Nb3 Qb6 18. Bf4 a5 19. h3 Nf6 20. Be3 Qb7 21. Bd4 a4 22. Bxf6 Bxf6 23. g4 axb3 24. gxf5 bxa2 25. Rxa2 Kg7 26. b4 Re1 27. Kg2 Rc1 28. Ra3 Qe7 29. Qxc6 Qe1 30. Qc4 Rc2 31. Qf4 Rc1 32. Qc4 Rc2 33. Qf4 Rc1 34. Qc4 Rc2 35. Qf4 1/2-1/2

[Event "Krakow op-A 24th"]
[Site "Krakow"]
[Date "2013.12.29"]
[Round "4"]
[White "Gawronski, Lukasz"]
[Black "Kalaitzoglou, Panayotis"]
[Result "1-0"]
[WhiteElo "2040"]
[BlackElo "2129"]
[PlyCount "101"]
[EventDate "2013.12.27"]
[EventType "swiss"]
[EventRounds "9"]
[EventCountry "POL"]
[SourceTitle "CBM 158 Extra"]
[Source "ChessBase"]
[SourceDate "2014.02.28"]
[SourceVersion "1"]
[SourceVersionDate "2014.02.28"]
[SourceQuality "1"]

1. d4 Nf6 2. Bg5 d5 3. e3 e6 4. c4 Be7 5. Nc3 0-0 6. cxd5 Nxd5 7. Bxe7 Qxe7 8. Nf3 Nxc3 9. bxc3 c5 10. Bd3 Nc6 11. 0-0 b6 12. Qa4 Bb7 13. Rfd1 cxd4 14. cxd4 Nb4 15. Be2 Nd5 16. Rdc1 Rfc8 17. Qb3 Rc7 18. Ne5 Rac8 19. Rxc7 Qxc7 20. Bh5 g6 21. Bf3 Nf6 22. Bxb7 Qxb7 23. h3 Qe4 24. Qa3 Qb7 25. Rc1 Rxc1+ 26. Qxc1 Nd5 27. Qc6 Qxc6 28. Nxc6 a5 29. Kf1 Nc3 30. Ke1 Nxa2 31. Kd2 Kf8 32. Kc2 f5 33. Kb2 Nb4 34. Nxb4 axb4 35. Kb3 Ke7 36. Kxb4 Kd6 37. Kb5 e5 38. dxe5+ Kxe5 39. Kxb6 Ke4 40. Kc5 Kd3 41. Kd5 Ke2 42. f4 Kxe3 43. Ke5 Ke2 44. g4 fxg4 45. hxg4 h5 46. f5 h4 47. fxg6 h3 48. g7 h2 49. g8Q h1Q 50. Qc4+ Kf2 51. Qf4+ 1-0

[Event "Krakow op-A 24th"]
[Site "Krakow"]
[Date "2013.12.29"]
[Round "3"]
[White "Kalaitzoglou, Panayotis"]
[Black "Molenda, Marcin"]
[Result "0-1"]
[WhiteElo "2129"]
[BlackElo "1910"]
[PlyCount "74"]
[EventDate "2013.12.27"]
[EventType "swiss"]
[EventRounds "9"]
[EventCountry "POL"]
[SourceTitle "CBM 158 Extra"]
[Source "ChessBase"]
[SourceDate "2014.02.28"]
[SourceVersion "1"]
[SourceVersionDate "2014.02.28"]
[SourceQuality "1"]

1. e4 c5 2. Nf3 Nc6 3. c3 d5 4. exd5 Qxd5 5. d4 Bg4 6. Nbd2 cxd4 7. Bc4 Bxf3 8. Qxf3 Qxf3 9. Nxf3 dxc3 10. bxc3 e6 11. Bf4 Nf6 12. Rb1 0-0-0 13. Ng5 Rd7 14. Nxf7 Rxf7 15. Bxe6+ Rd7 16. 0-0 Bc5 17. Rfd1 Re8 18. Bf5 Re2 19. Bg3 Bb6 20. Rb5 Ne7 21. Bh3 Kd8 22. Bxd7 Nxd7 23. a4 Ra2 24. Rb4 Nf5 25. Bf4 Bxf2+ 26. Kh1 Bb6 27. g4 Ne7 28. Bg5 h6 29. Bxe7+ Kxe7 30. Re4+ Kd8 31. Re5 Rxh2+ 32. Kxh2 Bc7 33. Kg2 Bxe5 34. Rd3 Kc7 35. Kf3 Bf6 36. Rd1 Kc6 37. Kf4 Nb6 0-1

[Event "Krakow op-A 24th"]
[Site "Krakow"]
[Date "2013.12.28"]
[Round "2"]
[White "Lewicki, Miroslaw"]
[Black "Kalaitzoglou, Panayotis"]
[Result "1/2-1/2"]
[WhiteElo "2225"]
[BlackElo "2129"]
[PlyCount "79"]
[EventDate "2013.12.27"]
[EventType "swiss"]
[EventRounds "9"]
[EventCountry "POL"]
[SourceTitle "CBM 158 Extra"]
[Source "ChessBase"]
[SourceDate "2014.02.28"]
[SourceVersion "1"]
[SourceVersionDate "2014.02.28"]
[SourceQuality "1"]

1. e4 e5 2. Nf3 Nc6 3. d4 exd4 4. Nxd4 Nf6 5. Nxc6 bxc6 6. Bd3 d5 7. exd5 cxd5 8. 0-0 Be7 9. Bf4 0-0 10. Nc3 c5 11. Qf3 c4 12. Be2 Be6 13. Be5 Qa5 14. a3 Ng4 15. Bd4 Bd6 16. g3 Ne5 17. Qe3 Nc6 18. Rfd1 Nxd4 19. Qxd4 Bc5 20. Qf4 Rab8 21. Rab1 Rxb2 22. Rxb2 Qxc3 23. Ra2 Bxa3 24. Bf3 d4 25. Rxd4 Qe1+ 26. Kg2 Bc5 27. Rd2 c3 28. Re2 Qb1 29. Ra4 Qb5 30. Rae4 Qd7 31. Rxe6 fxe6 32. Qc4 Bb6 33. Qxc3 Kh8 34. Qc4 Qf7 35. Qc6 Re8 36. Bd5 Rf8 37. Bxe6 Qf6 38. c3 Bxf2 39. Bd5 Qxc6 40. Bxc6 1/2-1/2

[Event "Krakow op-A 24th"]
[Site "Krakow"]
[Date "2013.12.27"]
[Round "1"]
[White "Kalaitzoglou, Panayotis"]
[Black "Hnydiuk, Aleksander"]
[Result "0-1"]
[WhiteElo "2129"]
[BlackElo "2399"]
[PlyCount "60"]
[EventDate "2013.12.27"]
[EventType "swiss"]
[EventRounds "9"]
[EventCountry "POL"]
[SourceTitle "CBM 158 Extra"]
[Source "ChessBase"]
[SourceDate "2014.02.28"]
[SourceVersion "1"]
[SourceVersionDate "2014.02.28"]
[SourceQuality "1"]

1. e4 c5 2. c3 d5 3. exd5 Qxd5 4. d4 Nf6 5. Nf3 e6 6. Na3 Nc6 7. Nb5 Qd8 8. dxc5 Bxc5 9. Qxd8+ Kxd8 10. b4 Be7 11. Bc4 a6 12. Nbd4 Nxd4 13. Nxd4 Bd7 14. Bb2 Rc8 15. Be2 Ne4 16. Bf3 Nd6 17. 0-0 Rc7 18. a4 Bf6 19. Rfd1 Nc4 20. Bc1 Ke7 21. Bf4 Be5 22. Ne2 Bxf4 23. Nxf4 Ne5 24. Be4 f5 25. Bxf5 Rf8 26. g4 g6 27. Rxd7+ Rxd7 28. Nxe6 gxf5 29. Nxf8 Kxf8 30. gxf5 Ke7 0-1

[Event "GRE-chT 41st"]
[Site "Achaia"]
[Date "2013.07.05"]
[Round "5.4"]
[White "Kalaitzoglou, Panayotis"]
[Black "Skaperdas, Sotirios"]
[Result "1/2-1/2"]
[WhiteElo "2144"]
[BlackElo "2050"]
[PlyCount "60"]
[EventDate "2013.07.02"]
[EventType "team-swiss"]
[EventRounds "7"]
[EventCountry "GRE"]
[SourceTitle "CBM 155 Extra"]
[Source "ChessBase"]
[SourceDate "2013.08.26"]
[SourceVersion "1"]
[SourceVersionDate "2013.08.26"]
[SourceQuality "1"]
[WhiteTeam "Chania ADA"]
[BlackTeam "Filadelfia CN"]
[WhiteTeamCountry "GRE"]
[BlackTeamCountry "GRE"]

1. e4 c5 2. c3 d6 3. d4 Nf6 4. Bd3 Nc6 5. Nf3 g6 6. 0-0 Bg7 7. h3 0-0 8. dxc5 dxc5 9. e5 Ne8 10. Qe2 Nc7 11. Rd1 Qe8 12. Bf4 Bd7 13. Na3 Nd8 14. Be4 Bc6 15. Rd2 Bxe4 16. Qxe4 Qc6 17. Ng5 h6 18. Qxc6 Nxc6 19. Ne4 b6 20. Nc4 Rad8 21. Rad1 Rxd2 22. Rxd2 Rd8 23. Rxd8+ Nxd8 24. h4 Nc6 25. Bd2 Nd5 26. f4 f5 27. exf6 Nxf6 28. Nf2 Nd7 29. Kf1 Kf7 30. Ke2 e5 1/2-1/2

[Event "GRE-chT 41st"]
[Site "Achaia"]
[Date "2013.07.03"]
[Round "3.4"]
[White "Kalaitzoglou, Panayotis"]
[Black "Tsomis, Dimitrios"]
[Result "1-0"]
[WhiteElo "2144"]
[BlackElo "2080"]
[PlyCount "151"]
[EventDate "2013.07.02"]
[EventType "team-swiss"]
[EventRounds "7"]
[EventCountry "GRE"]
[SourceTitle "CBM 155 Extra"]
[Source "ChessBase"]
[SourceDate "2013.08.26"]
[SourceVersion "1"]
[SourceVersionDate "2013.08.26"]
[SourceQuality "1"]
[WhiteTeam "Chania ADA"]
[BlackTeam "Peiraikos PG"]
[WhiteTeamCountry "GRE"]
[BlackTeamCountry "GRE"]

1. e4 c5 2. c3 Nf6 3. e5 Nd5 4. d4 cxd4 5. Nf3 e6 6. cxd4 d6 7. Bc4 Nc6 8. 0-0 Be7 9. Qe2 0-0 10. Qe4 Qc7 11. Re1 Ndb4 12. exd6 Qxd6 13. Nc3 Na5 14. Bf1 f5 15. Qb1 a6 16. Bd2 Nac6 17. a3 Nd5 18. Bc4 Bf6 19. Qa2 Nce7 20. Rac1 Bd7 21. Nxd5 Nxd5 22. Bxd5 Qxd5 23. Qxd5 exd5 24. Rc7 Bc6 25. Bg5 Rae8 26. Bxf6 Rxe1+ 27. Nxe1 gxf6 28. h3 Re8 29. Nd3 Re4 30. Nb4 Rxd4 31. Nxc6 bxc6 32. Rxc6 a5 33. Rxf6 f4 34. Kf1 Rd2 35. b4 axb4 36. axb4 Rd4 37. b5 Kg7 38. Rd6 Kf7 39. Ke2 Ke7 40. Rh6 Rb4 41. b6 Kd8 42. Kf3 Kc8 43. Rxh7 Rxb6 44. Kxf4 Re6 45. Rh5 Re4+ 46. Kf3 Rd4 47. Ke3 Rd1 48. Rh7 Kd8 49. g3 Ke8 50. h4 d4+ 51. Ke2 Ra1 52. Rb7 Ra2+ 53. Kd3 Rxf2 54. Kxd4 Rf3 55. Rg7 Kf8 56. Rg5 Rf1 57. Ke5 Ra1 58. Kf5 Kf7 59. Kg4 Ra4+ 60. Kh5 Ra3 61. g4 Ra8 62. Rb5 Ra7 63. g5 Kg7 64. g6 Rc7 65. Kg5 Rc1 66. Rb7+ Kg8 67. h5 Rc8 68. h6 Rc5+ 69. Kf6 Rc6+ 70. Kf5 Rc5+ 71. Ke4 Rc4+ 72. Kd5 Rc8 73. Rd7 Ra8 74. Ke6 Ra6+ 75. Rd6 Ra8 76. Ke7 1-0

[Event "GRE-chT 39th"]
[Site "Eretria"]
[Date "2011.07.07"]
[Round "6.7"]
[White "Kalaitzoglou, Panayotis"]
[Black "Pavlidis, Anastasios"]
[Result "0-1"]
[WhiteElo "2197"]
[BlackElo "2323"]
[PlyCount "94"]
[EventDate "2011.07.03"]
[EventType "team-swiss"]
[EventRounds "7"]
[EventCountry "GRE"]
[SourceTitle "CBM 143 Extra"]
[Source "ChessBase"]
[SourceDate "2011.08.29"]
[SourceVersion "1"]
[SourceVersionDate "2011.08.29"]
[SourceQuality "1"]
[WhiteTeam "Chania Chess Academy"]
[BlackTeam "Chania Kydon"]
[WhiteTeamCountry "GRE"]
[BlackTeamCountry "GRE"]

1. e4 e5 2. Nf3 Nc6 3. d4 exd4 4. Nxd4 Nf6 5. Nxc6 bxc6 6. e5 Qe7 7. Qe2 Nd5 8. c4 Ba6 9. b3 0-0-0 10. g3 g5 11. Bg2 Bg7 12. Bb2 Rde8 13. 0-0 Bxe5 14. Qxe5 Qxe5 15. Bxe5 Rxe5 16. cxd5 Bxf1 17. Kxf1 cxd5 18. Nc3 c6 19. Rc1 Kd8 20. Na4 h5 21. Nc5 Rhe8 22. a4 g4 23. Nd3 Re2 24. Rb1 Ra2 25. Nf4 Re5 26. Kg1 Kc7 27. Bf1 Kb6 28. h4 gxh3 29. Bxh3 Kc7 30. Bg2 Rf5 31. Bh3 Rg5 32. Kf1 Re5 33. Rd1 Ra3 34. Nd3 Re7 35. Rb1 Ra2 36. Nf4 Re4 37. Bf5 Rd4 38. Bd3 h4 39. Kg2 hxg3 40. Kxg3 Ra3 41. f3 Ra2 42. Bf5 Kd6 43. Bh7 a5 44. Bd3 Rd2 45. Bf1 Rd1 46. Rxd1 Rxd1 47. Bd3 Rd2 0-1

[Event "EU-Cup 26th"]
[Site "Plovdiv"]
[Date "2010.10.23"]
[Round "7.2"]
[White "Zymberi, Astrit"]
[Black "Kalaitzoglou, Panayotis"]
[Result "0-1"]
[WhiteElo "2175"]
[BlackElo "2182"]
[PlyCount "58"]
[EventDate "2010.10.17"]
[EventType "team-swiss"]
[EventRounds "7"]
[EventCountry "BUL"]
[SourceTitle "CBM 139"]
[Source "ChessBase"]
[SourceDate "2010.11.18"]
[SourceVersion "1"]
[SourceVersionDate "2010.11.18"]
[SourceQuality "1"]
[WhiteTeam "Expik"]
[BlackTeam "Chania Chess Academy"]
[WhiteTeamCountry "KOS"]
[BlackTeamCountry "GRE"]

1. d4 Nf6 2. c4 g6 3. f3 d5 4. cxd5 Nxd5 5. e4 Nb6 6. Nc3 Bg7 7. Be3 Nc6 8. d5 Ne5 9. f4 Ng4 10. Bc5 0-0 11. h3 Nf6 12. Qb3 c6 13. dxc6 bxc6 14. Rd1 Qc7 15. Nge2 Be6 16. Qc2 Rfd8 17. Rxd8+ Rxd8 18. g3 Nc4 19. b3 Qa5 20. b4 Qa3 21. e5 Nd5 22. Qb3 Nxc3 23. Qxc3 Qxa2 24. Nc1 Qb1 25. Rh2 Qe4+ 26. Re2 Qh1 27. Kf2 Rd1 28. Re1 Qh2+ 29. Bg2 Bxh3 0-1

[Event "EU-Cup 26th"]
[Site "Plovdiv"]
[Date "2010.10.17"]
[Round "1.2"]
[White "Levin, Felix"]
[Black "Kalaitzoglou, Panayotis"]
[Result "1-0"]
[WhiteElo "2482"]
[BlackElo "2182"]
[PlyCount "49"]
[EventDate "2010.10.17"]
[EventType "team-swiss"]
[EventRounds "7"]
[EventCountry "BUL"]
[SourceTitle "CBM 139"]
[Source "ChessBase"]
[SourceDate "2010.11.18"]
[SourceVersion "1"]
[SourceVersionDate "2010.11.18"]
[SourceQuality "1"]
[WhiteTeam "Eynatten"]
[BlackTeam "Chania Chess Academy"]
[WhiteTeamCountry "BEL"]
[BlackTeamCountry "GRE"]

1. d4 Nf6 2. Nf3 g6 3. c4 Bg7 4. Nc3 d5 5. Bg5 Ne4 6. Bh4 Nxc3 7. bxc3 dxc4 8. Qa4+ Bd7 9. Qxc4 Bc6 10. e3 0-0 11. Be2 b6 12. 0-0 Bb7 13. Qb3 Nc6 14. Rad1 Re8 15. Qa3 e6 16. c4 Qc8 17. c5 h6 18. Bg3 Qd8 19. Ba6 Bxa6 20. Qxa6 Qd7 21. Rc1 Red8 22. Qb7 Rac8 23. Rc3 Qd5 24. e4 Qxe4 25. cxb6 1-0

[Event "GRE-chT 37th"]
[Site "Kallithea"]
[Date "2009.07.04"]
[Round "1"]
[White "Zalahoras, Nikolaos"]
[Black "Kalaitzoglou, Panayotis"]
[Result "0-1"]
[WhiteElo "2191"]
[BlackElo "2199"]
[PlyCount "76"]
[EventDate "2009.07.03"]
[EventType "team-tourn"]
[EventRounds "9"]
[EventCountry "GRE"]
[SourceTitle "CBM 131 Extra"]
[Source "ChessBase"]
[SourceDate "2009.09.03"]
[SourceVersion "2"]
[SourceVersionDate "2009.09.16"]
[SourceQuality "1"]

1. c4 e5 2. Nc3 Nf6 3. g3 d5 4. cxd5 Nxd5 5. Bg2 Nb6 6. Nf3 Nc6 7. 0-0 Be7 8. d3 0-0 9. b3 Re8 10. Bb2 Bf8 11. Rc1 Bg4 12. Ne4 Nd4 13. e3 Nxf3+ 14. Bxf3 Bh3 15. Re1 c6 16. Nc5 Bxc5 17. Rxc5 Qd6 18. Qc2 Bf5 19. Rd1 Rad8 20. e4 Bh3 21. Be2 Qf6 22. Ra5 a6 23. f4 Nd7 24. b4 Qh6 25. Qc3 b6 26. Rxa6 exf4 27. Bc1 g5 28. Bb2 Ne5 29. d4 Bg4 30. Rd2 Bxe2 31. Rxe2 Rxd4 32. gxf4 Rd1+ 33. Kg2 gxf4 34. Qxe5 Qg6+ 35. Kh3 Rd3+ 36. Kh4 Qh6+ 37. Kg4 Qh3+ 38. Kg5 h6+ 0-1

[Event "GRE-chT 36th"]
[Site "Kallithea"]
[Date "2008.07.07"]
[Round "2.2"]
[White "Kalaitzoglou, Panayotis"]
[Black "Iotov, Valentin Dimitrov"]
[Result "0-1"]
[WhiteElo "2198"]
[BlackElo "2519"]
[PlyCount "46"]
[EventDate "2008.07.06"]
[EventType "team-tourn"]
[EventRounds "7"]
[EventCountry "GRE"]
[SourceTitle "CBM 125 Extra"]
[Source "ChessBase"]
[SourceDate "2008.09.01"]
[SourceVersion "1"]
[SourceVersionDate "2008.09.01"]
[SourceQuality "1"]
[WhiteTeam "Chania"]
[BlackTeam "Thessaloniki"]
[WhiteTeamCountry "GRE"]
[BlackTeamCountry "GRE"]

1. e4 c5 2. c3 d5 3. exd5 Qxd5 4. d4 Nc6 5. Nf3 Bg4 6. dxc5 Qxd1+ 7. Kxd1 e6 8. Be3 Nf6 9. h3 Bxf3+ 10. gxf3 Nd5 11. b4 a5 12. b5 Ne5 13. Bd4 Nxf3 14. Bg2 Nxd4 15. cxd4 0-0-0 16. Kc2 Nf4 17. Bf3 Rxd4 18. c6 bxc6 19. Bxc6 Bc5 20. Nc3 Rhd8 21. Ne4 Bb6 22. Rad1 Nd3 23. a3 Ne5 0-1

[Event "GRE-chT 35th"]
[Site "Ermioni Argolidas"]
[Date "2006.07.10"]
[Round "9"]
[White "Kourkounakis, Ilias"]
[Black "Kalaitzoglou, Panayotis"]
[Result "1-0"]
[WhiteElo "2379"]
[BlackElo "2176"]
[PlyCount "75"]
[EventDate "2006.07.03"]
[EventType "team"]
[EventRounds "9"]
[EventCountry "GRE"]
[SourceTitle "CBM 113 Extra"]
[Source "ChessBase"]
[SourceDate "2006.09.14"]
[SourceVersion "1"]
[SourceVersionDate "2006.09.14"]
[SourceQuality "1"]

1. Nf3 Nf6 2. c4 e6 3. g3 d5 4. Bg2 Be7 5. 0-0 0-0 6. b3 c5 7. Bb2 d4 8. b4 Bd6 9. bxc5 Bxc5 10. Ba3 Bxa3 11. Nxa3 Nc6 12. d3 e5 13. Nc2 Bf5 14. Rb1 Rb8 15. Nb4 Qd6 16. Qa4 Bd7 17. Nd2 Nxb4 18. Qxb4 Qxb4 19. Rxb4 b6 20. Rfb1 Rbc8 21. a4 Bc6 22. Bxc6 Rxc6 23. Rb5 Nd7 24. Rd5 Rc7 25. a5 f6 26. f4 bxa5 27. Rxa5 Nc5 28. Rbb5 Rfc8 29. Nb3 Nd7 30. Kf2 Kf7 31. Kf3 Ke7 32. Ra6 Rb8 33. fxe5 fxe5 34. Rxb8 Nxb8 35. Ra5 Nc6 36. Rc5 Kd6 37. Rd5+ Ke6 38. Ke4 1-0

[Event "GRE-chT 35th"]
[Site "Ermioni Argolidas"]
[Date "2006.07.??"]
[Round "8"]
[White "Pountzas, Hrisanthos"]
[Black "Kalaitzoglou, Panayotis"]
[Result "0-1"]
[WhiteElo "2262"]
[BlackElo "2176"]
[PlyCount "78"]
[EventDate "2006.07.03"]
[EventType "team"]
[EventRounds "9"]
[EventCountry "GRE"]
[SourceTitle "CBM 113 Extra"]
[Source "ChessBase"]
[SourceDate "2006.09.14"]
[SourceVersion "1"]
[SourceVersionDate "2006.09.14"]
[SourceQuality "1"]

1. c4 e5 2. Nc3 Nf6 3. g3 d5 4. cxd5 Nxd5 5. Bg2 Nb6 6. Nf3 Nc6 7. 0-0 Be7 8. d3 0-0 9. a3 a5 10. Be3 a4 11. Bxb6 cxb6 12. Nxa4 e4 13. Ne1 Qd4 14. Nc3 e3 15. f4 Rd8 16. Nc2 Qc5 17. Ne4 Qh5 18. Bf3 Qh6 19. Nxe3 f5 20. Nf2 Bc5 21. Nc2 g5 22. e3 b5 23. d4 Be6 24. Qd3 gxf4 25. Qxb5 fxg3 26. hxg3 Bd6 27. Kg2 Ne7 28. Nh3 Rac8 29. Rf2 f4 30. Qg5+ Qxg5 31. Nxg5 Bb3 32. Be4 fxg3 33. Re2 h6 34. Nf3 Rf8 35. Rh1 Kg7 36. Rh5 Rc7 37. Nb4 b6 38. Nd2 Bd1 39. Bf3 Bxe2 0-1

[Event "Chalkidiki op-A 2nd"]
[Site "Kallithea"]
[Date "2006.04.28"]
[Round "5"]
[White "Laubscher, Anzel"]
[Black "Kalaitzoglou, Panayotis"]
[Result "0-1"]
[WhiteElo "1856"]
[BlackElo "2160"]
[PlyCount "36"]
[EventDate "2006.04.25"]
[EventType "swiss"]
[EventRounds "9"]
[EventCountry "GRE"]
[SourceTitle "CBM 112 Extra"]
[Source "ChessBase"]
[SourceDate "2006.07.14"]
[SourceVersion "1"]
[SourceVersionDate "2006.07.14"]
[SourceQuality "1"]

1. d4 Nf6 2. c4 e6 3. Nf3 d5 4. Nc3 Nbd7 5. Bg5 Bb4 6. e3 c5 7. a3 Bxc3+ 8. bxc3 Qa5 9. Qb3 Ne4 10. Rc1 cxd4 11. cxd5 dxe3 12. dxe6 exf2+ 13. Ke2 Nxg5 14. exd7+ Bxd7 15. Qxb7 0-0 16. Qxd7 Rad8 17. Qc6 Qxa3 18. Rd1 Qe7+ 0-1

[Event "GRE-chT 34th"]
[Site "Ermioni Argolidas"]
[Date "2005.07.08"]
[Round "5"]
[White "Kalaitzoglou, Panayotis"]
[Black "Aftsoglou, Ioannis"]
[Result "1/2-1/2"]
[WhiteElo "2149"]
[BlackElo "2261"]
[PlyCount "183"]
[EventDate "2005.07.04"]
[EventType "team"]
[EventRounds "9"]
[EventCountry "GRE"]
[SourceTitle "CBM 107 Extra"]
[Source "ChessBase"]
[SourceDate "2005.09.01"]
[SourceVersion "1"]
[SourceVersionDate "2005.09.01"]
[SourceQuality "1"]

1. e4 e5 2. Nf3 Qe7 3. Bc4 d6 4. Nc3 c6 5. d4 h6 6. dxe5 dxe5 7. a4 a5 8. 0-0 Nf6 9. b3 Qc7 10. h3 Nbd7 11. Nh4 Nb6 12. Bd3 Be6 13. Qf3 Nbd7 14. Nf5 Rd8 15. Re1 Nc5 16. Bf1 Ncd7 17. Bb2 g6 18. Ne3 Bg7 19. Ba3 Bf8 20. Bb2 Be7 21. Rad1 0-0 22. Nc4 Bb4 23. Re3 Nh5 24. g3 Bc5 25. Ree1 Bd4 26. Ba3 Bxc3 27. Qxc3 Bxc4 28. Bxf8 Rxf8 29. Bxc4 Ndf6 30. Qd3 Qc8 31. Kg2 Nh7 32. Qd7 Qb8 33. Qd6 N5f6 34. Qxb8 Rxb8 35. f3 Kf8 36. Rd6 Ke7 37. Red1 Nf8 38. R6d2 g5 39. c3 h5 40. Kf2 Ng6 41. b4 b5 42. axb5 cxb5 43. Bf1 a4 44. Rd6 Nf8 45. Ra6 Ne6 46. Ra7+ Kf8 47. Ra5 Nc7 48. Rd6 Kg7 49. Rc6 Rb7 50. c4 bxc4 51. Rxc4 Nd7 52. Ke3 Ne6 53. b5 Nb6 54. Rc3 Nd4 55. Ra6 f6 56. f4 gxf4+ 57. gxf4 h4 58. Rc5 Nd7 59. Rd5 Nc2+ 60. Kf3 Nb4 61. Rxa4 Nxd5 62. exd5 Nb6 63. Ra3 Nxd5 64. fxe5 fxe5 65. Ke4 Nc7 66. Rb3 Ne6 67. Kxe5 Nc5 68. Rb4 Rd7 69. Rg4+ Kf8 70. Rxh4 Rd1 71. Bc4 Nd7+ 72. Kf5 Kg7 73. Rg4+ Kh7 74. Ke6 Rd2 75. Kf5 Nb6 76. Kf6 Nd7+ 77. Ke7 Nc5 78. Rg5 Na4 79. Rd5 Rb2 80. Kd6 Nc3 81. Re5 Kh6 82. Kc6 Na4 83. Bd3 Rb3 84. Be2 Rc3+ 85. Kb7 Rxh3 86. Re8 Rb3 87. Ka6 Nc3 88. b6 Ra3+ 89. Kb7 Nd5 90. Re6+ Kg7 91. Rd6 Nxb6 92. Kxb6 1/2-1/2

[Event "Athens Acropolis op"]
[Site "Athens"]
[Date "2004.11.24"]
[Round "9"]
[White "Angelopoulos, Georgios"]
[Black "Kalaitzoglou, Panayotis"]
[Result "1/2-1/2"]
[WhiteElo "2104"]
[BlackElo "2155"]
[PlyCount "58"]
[EventDate "2004.11.16"]
[EventType "swiss"]
[EventRounds "9"]
[EventCountry "GRE"]
[SourceTitle "CBM 103 Extra"]
[Source "ChessBase"]
[SourceDate "2005.01.01"]
[SourceVersion "1"]
[SourceVersionDate "2005.01.01"]
[SourceQuality "1"]

1. e4 e5 2. Nf3 Nc6 3. Bb5 a6 4. Ba4 Nf6 5. 0-0 b5 6. Bb3 Bb7 7. Re1 Bc5 8. c3 d6 9. d4 Bb6 10. Bg5 h6 11. Bh4 g5 12. Bg3 Qe7 13. Nbd2 0-0-0 14. d5 Nb8 15. a4 h5 16. h4 g4 17. Nh2 Nbd7 18. axb5 axb5 19. Qe2 c6 20. dxc6 Bxc6 21. Bd5 Nxd5 22. exd5 Bxd5 23. Qxb5 Qe6 24. Nc4 Bxc4 25. Qc6+ Bc7 26. Ra8+ Nb8 27. Rea1 Ba2 28. Qa6+ Kd7 29. Qxa2 Qxa2 1/2-1/2